<?xml version="1.0" encoding="UTF-8"?>
<collection xmlns="http://www.loc.gov/MARC21/slim">
<record>
  <controlfield tag="001">111065</controlfield>
  <controlfield tag="005">20220309093107.0</controlfield>
  <datafield tag="037" ind1=" " ind2=" ">
    <subfield code="a">TAZ-TFM-2019-165</subfield>
  </datafield>
  <datafield tag="041" ind1=" " ind2=" ">
    <subfield code="a">spa</subfield>
  </datafield>
  <datafield tag="100" ind1="1" ind2=" ">
    <subfield code="a">Arnaudas Casanueva, María</subfield>
  </datafield>
  <datafield tag="242" ind1="0" ind2="0">
    <subfield code="a">Recurrent patellar dislocation: Results o proximal and distal realignment</subfield>
  </datafield>
  <datafield tag="245" ind1="0" ind2="0">
    <subfield code="a">Luxación recidivante de rótula: Resultados de la realineación proximal y distal</subfield>
  </datafield>
  <datafield tag="260" ind1=" " ind2=" ">
    <subfield code="a">Zaragoza</subfield>
    <subfield code="b">Universidad de Zaragoza</subfield>
    <subfield code="c">2019</subfield>
  </datafield>
  <datafield tag="500" ind1=" " ind2=" ">
    <subfield code="a">Aporta en secretaría material físico. Resumen disponible también en inglés</subfield>
  </datafield>
  <datafield tag="506" ind1=" " ind2=" ">
    <subfield code="a">by-nc-sa</subfield>
    <subfield code="b">Creative Commons</subfield>
    <subfield code="c">3.0</subfield>
    <subfield code="u">http://creativecommons.org/licenses/by-nc-sa/3.0/</subfield>
  </datafield>
  <datafield tag="520" ind1=" " ind2=" ">
    <subfield code="a">Introducción: La luxación rotuliana es una patología con prevalencia considerable y cuya clínica genera gran repercusión funcional en pacientes jóvenes. Objetivo: Analizar los resultados funcionales de pacientes intervenidos de luxación recidivante de rótula con un seguimiento mínimo de un año.  Métodos: Estudio descriptivo que incluye todos los pacientes intervenidos entre Enero de 2014 y Junio de 2018 que cumplen criterios de inclusión. Se valoran los resultados funcionales a través de las escalas de valoración funcional Tegner y Lysholm.  Resultados: Se incluyeron 58 pacientes con una edad media de 23.84 años de los cuales un 58.6% eran mujeres. El mecanismo de luxación más frecuente fue espontáneo por factores predisponentes. Hubo notable mejoría las escalas de Tegner y Lysholm, con un incremento de 41.534 en la primera y de 1.72 en la segunda, sobre 100 y 10 puntos respectivamente. Conclusión: Se objetivó mejoría de las puntuaciones de las escalas de valoración funcional a los 12 meses tras la intervención.  Palabras clave: luxación femoropatelar, realineación rotuliana, resultados funcionales.&lt;br /></subfield>
  </datafield>
  <datafield tag="521" ind1=" " ind2=" ">
    <subfield code="a">Máster Universitario en Iniciación a la Investigación en Medicina</subfield>
  </datafield>
  <datafield tag="540" ind1=" " ind2=" ">
    <subfield code="a">Derechos regulados por licencia Creative Commons</subfield>
  </datafield>
  <datafield tag="700" ind1=" " ind2=" ">
    <subfield code="a">Martínez Delgado, Fernando</subfield>
    <subfield code="e">dir.</subfield>
  </datafield>
  <datafield tag="710" ind1="2" ind2=" ">
    <subfield code="a">Universidad de Zaragoza</subfield>
    <subfield code="b">Cirugía, Ginecología y Obstetricia</subfield>
    <subfield code="c">Traumatología y Ortopedia</subfield>
  </datafield>
  <datafield tag="856" ind1="0" ind2=" ">
    <subfield code="f">628298@celes.unizar.es</subfield>
  </datafield>
  <datafield tag="856" ind1="4" ind2=" ">
    <subfield code="s">1087143</subfield>
    <subfield code="u">http://zaguan.unizar.es/record/111065/files/TAZ-TFM-2019-165.pdf</subfield>
    <subfield code="y">Memoria (spa)</subfield>
  </datafield>
  <datafield tag="856" ind1="4" ind2=" ">
    <subfield code="s">2797695</subfield>
    <subfield code="u">http://zaguan.unizar.es/record/111065/files/TAZ-TFM-2019-165_ANE.pdf</subfield>
    <subfield code="y">Anexos (spa)</subfield>
  </datafield>
  <datafield tag="909" ind1="C" ind2="O">
    <subfield code="o">oai:zaguan.unizar.es:111065</subfield>
    <subfield code="p">driver</subfield>
    <subfield code="p">trabajos-fin-master</subfield>
  </datafield>
  <datafield tag="950" ind1=" " ind2=" ">
    <subfield code="a"></subfield>
  </datafield>
  <datafield tag="980" ind1=" " ind2=" ">
    <subfield code="a">TAZ</subfield>
    <subfield code="b">TFM</subfield>
    <subfield code="c">MED</subfield>
  </datafield>
  <datafield tag="999" ind1=" " ind2=" ">
    <subfield code="a">20190620092356.CREATION_DATE</subfield>
  </datafield>
  <datafield tag="951" ind1=" " ind2=" ">
    <subfield code="a">deposita:2022-03-09</subfield>
  </datafield>
</record>
</collection>